000 00312nam a22001217a 4500
008 180209b xxu||||| |||| 00| 0 eng d
041 _aeng
080 _a37
100 _a48
101 _aedu
245 _aa desk reference of legal for psycgholists and special educationo
_cdavid.p.h
942 _2udc
_cBK
999 _c42268
_d42268